| 000 | 00797cam a22002651 4500 | ||
|---|---|---|---|
| 001 | 7513 | ||
| 003 | BD-RjUL | ||
| 005 | 20211208234429.0 | ||
| 008 | 150114s1936 enka 001 0 eng d | ||
| 035 | _a(BD-RjUL)7557 | ||
| 035 | _a(OCoLC)14585673 | ||
| 040 |
_aDLC _cMiD _dDLC _dBD-RjUL _beng |
||
| 041 | _aeng | ||
| 082 |
_a385 _bBOE 1936 |
||
| 100 | 1 |
_aBonavia, Michael Robert. _923447 |
|
| 245 | 1 | 4 |
_aThe Economics of transport / _c Michael R. Bonavia ... with an introduction by J.M. Keynes ... |
| 260 |
_aLondon : _bNisbet & Co. Ltd, _c1936 |
||
| 300 |
_ax, 202 p. _c19 cm. |
||
| 650 | 0 |
_aTransportation. _923449 |
|
| 650 | 0 |
_aTransportation _zGreat Britain. _918711 |
|
| 942 |
_2ddc _cBK |
||
| 999 |
_c7513 _d7513 |
||